000 00258nam a2200109Ia 4500
008 200302s9999 xx 000 0 und d
100 _aBoyne
245 _aArchitects Working Details Vol I
260 _bThe Architectural Press
260 _c1953
300 _a159 P.,
999 _c11
_d11